000 00760nam a2200205 i 4500
001 102397
003 ES-MaACL
005 20230906183113.0
007 t|
008 051110s1957 po ||||1| por d
100 1 _aAcciaiuoli, Luís de Meneses,
_d1888-1958
_918205
245 1 0 _aGeología de Portugal
_b: ensaio bibliográfico /
_cpelo Luís de Menezes Acciaiuoli.
260 _aLisboa :
_b[s.n.],
_c1957 (
_fGráf. Ramos)
300 _a1 v. (LXII, 504 p.) ;
_c26 cm.
500 _aPrecede al tít.: Direcçao Geral de Minas e Serviços Geológicos.
650 4 _aGeología-
_zPortugal-
_vBibliografías.
_9172397
710 1 _aPortugal.
_bDirecçao Geral de Minas e Serviços Geológicos.
_96242
852 _aES-MaACL
_jP-1014
999 _c102397
_d102397